000 00591nam a2200193 i 4500
001 33053
003 ES-MaACL
005 20240513170003.0
007 t|
008 030201s1906 xxkaf |||| |beng d
080 _a75Velázquez, Diego
100 1 _aBeruete, Aureliano de,
_d1845-1912
_9149341
245 1 0 _aVelázquez /
_cby Aurelio de Beruete y Moret.
260 _aLondon :
_b[s.n.,
_c1906] (
_fT. and A. Constable)
300 _aXXXI, 173 p., 93 lám. ;
_c26 cm.
600 1 4 _aVelázquez, Diego,
_d1599-1660
_9113793
852 _aES-MaACL
_jB-1826
999 _c33053
_d33053